Guess The Artist By Letter (E) - Statistics

General Stats
  • This quiz has been taken 86 times
  • The average score is 8 of 17
Answer Stats
Hint Answer % Correct
Hotel California The Eagles
97%
Final Countdown Europe
86%
Tiny Dancer Elton John
83%
Shape of You Ed Sheeran
82%
September Earth, Wind & Fire
74%
Suspicious Minds Elvis Presley
72%
Rap God Eminem
66%
Bring Me To Life Evanescence
61%
Mr Blue Sky Electric Light Orchestra
58%
Two Tickets to Paradise Eddie Money
32%
Cool Kids Echosmith
22%
Fooled Around and Fell in Love Elvin Bishop
22%
Drivin' My Life Away Eddie Rabbit
17%
Love Grows (Where My Rosemary Goes) Edison Lighthouse
14%
Home Edward Sharpe & The Magnetic Zeros
11%
Ecstasy of Gold Ennio Morricone
8%
Remember Then The Earls
4%
No matching quizzes found
Score Distribution
Percent of People with Each Score
Percentile by Number Answered
Your Score History
You have not taken this quiz